LEADER 00981nam 2200253 450 001 9910280457703321 005 20180723115218.0 010 $a978-88-6843-436-4 100 $a20180723d2016----u y0engy50 ba 101 0 $aita 102 $aIT 105 0 $a 00 200 1 $a<>buone abitudini$e<>approccio culturale ai problemi dello sviluppo$fMatteo Marini$gcon saggi di John Kay, Lawrence E. Harrison, Augusto Graziani, Ronald Inglehart, David Landes, Douglas C. North, Michel E. Porter, Luis D. Herrera Amighetti, Patrick H. Mooney$gprefazione di Carlo Trigilia$hpostfazione di Roberto Cartocci 210 $aRoma$cDonzelli$d2016 215 $a277 p.$d25 cm 225 $aSaggi$estoria e scienze sociali 610 0 $aEconomia$aSviluppo$aAspetti sociali 676 $a306.3$v22$zita 700 1$aMarini,$bMatteo$0356472 912 $a9910280457703321 952 $a306.3 MAR 5$b4982$fbfs 959 $aBFS 996 $aBuone abitudini$91508030 997 $aUNINA LEADER 01776nas 2200409 n 450 001 990008889330403321 005 20240229084432.0 011 $a0169-345X 035 $a000888933 035 $aFED01000888933 035 $a(Aleph)000888933FED01 035 $a000888933 091 $2CNR$aP 00033020 100 $a20161109a19849999km-y0itaa50------ba 101 0 $aeng 102 $aNL 110 $aauu-------- 200 1 $aAgricultural University Wageningen Papers 207 1$a1984- 210 $aWageningen$cAgricultural University 436 0$1001000900383$12001$aMededelingen van de Landbouwhogeschool te Wageningen 436 0$1001000900851$12001$aMiscellaneous papers - Landbouwhogeschool Wageningen 530 0 $aAgricultural University Wageningen Papers 675 $a63 675 $a631 675 $a632 712 02$aLandbouwuniversiteit$c 801 0$aIT$bACNP$c20090723 859 4 $uhttp://acnp.cib.unibo.it/cgi-ser/start/it/cnr/dc-p1.tcl?catno=21784&person=false&language=ITALIANO&libr=&libr_th=unina1$zBiblioteche che possiedono il periodico 901 $aSE 912 $a990008889330403321 958 $aBiblioteca Centralizzata. Facoltà di Agraria dell'Università Federico II di Napoli$b1984-1992;$c1984-1992;$fFAGBC 959 $aFAGBC 996 $aAgricultural University Wageningen Papers$9801862 997 $aUNINA AP1 8 $6866-01$aNA087 Biblioteca Centralizzata. Facoltà di Agraria dell'Università Federico II di Napoli$ev. Università, 100 Palazzo Reale, 80055 Portici (NA)$m081-2539322$m081-7760229$nit AP2 40$aacnp.cib.unibo.it$nACNP Italian Union Catalogue of Serials$uhttp://acnp.cib.unibo.it/cgi-ser/start/it/cnr/df-p.tcl?catno=21784&language=ITALIANO&libr=&person=&B=1&libr_th=unina&proposto=NO